<?xml version="1.0" encoding="UTF-8"?>
<collection xmlns="http://www.loc.gov/MARC21/slim">
  <record>
    <leader>00000nam  2200000   4500</leader>
    <controlfield tag="001">INLIS000000000810363</controlfield>
    <controlfield tag="005">20251201085334</controlfield>
    <datafield tag="035" ind1="#" ind2="#">
      <subfield code="a">0010-1225000001</subfield>
    </datafield>
    <controlfield tag="007">ta</controlfield>
    <controlfield tag="008">251201###########################0#ara##</controlfield>
    <datafield tag="020" ind1="#" ind2="#">
      <subfield code="a">6287015574236</subfield>
    </datafield>
    <datafield tag="082" ind1="#" ind2="#">
      <subfield code="a">297.1227</subfield>
    </datafield>
    <datafield tag="084" ind1="#" ind2="#">
      <subfield code="a">297.1227 SAD t</subfield>
    </datafield>
    <datafield tag="245" ind1="#" ind2="#">
      <subfield code="a">Taisir Karimur rahman fii tafsir kalam al manan /</subfield>
      <subfield code="c">Syaikh Abdurrahman bin Nasir as-Sa'di</subfield>
    </datafield>
    <datafield tag="260" ind1="#" ind2="#">
      <subfield code="a">Saudi Arabia :</subfield>
      <subfield code="b">Dar Ibnul Jauzi - Saudi,</subfield>
      <subfield code="c">1439 H</subfield>
    </datafield>
    <datafield tag="300" ind1="#" ind2="#">
      <subfield code="a">1109 Hlm ;</subfield>
      <subfield code="c">24 cm</subfield>
    </datafield>
    <datafield tag="520" ind1="#" ind2="#">
      <subfield code="a">Tafsir Al-Qur’an berdasarkan pendekatan tahlili dengan gaya bahasa ringkas, mudah dipahami, dan moderat</subfield>
    </datafield>
  </record>
</collection>
